| 000 | 02178cam a2200481 i 4500 | ||
|---|---|---|---|
| 001 | xx005000857 | ||
| 003 | NUKAT | ||
| 005 | 20260430122632.0 | ||
| 008 | 201119s2020 pl a g |001 0 pol c | ||
| 020 |
_a9788380982222 _q(oprawa twarda) : _czł 40,00 |
||
| 035 | _a(OCoLC)1241593914 | ||
| 035 | _a(NUKAT)xx005000857 | ||
| 040 |
_aGD U/MJ _bpol _erda _cGD U/MJs _dWR O/JG _dWA U/WM _dWA 14/ABs _dOLSZT 008/bak |
||
| 045 | 2 |
_bd1945 _bd1949 |
|
| 046 | _k2020 | ||
| 100 | 1 |
_aSywula, Michał. _eAutor _941006 |
|
| 245 | 1 | 0 |
_aMilicja Obywatelska w województwie gdańskim 1945-1949 / _cMichał Sywula ; Instytut Pamięci Narodowej. Komisja Ścigania Zbrodni przeciwko Narodowi Polskiemu. Oddział w Gdańsku. |
| 260 |
_aGdańsk ; _aWarszawa : _bInstytut Pamięci Narodowej. Komisja Ścigania Zbrodni przeciwko Narodowi Polskiemu, _c2020. |
||
| 300 |
_a364, [4] strony, 16 stron tablic : _bilustracje ; _c25 cm. |
||
| 336 |
_aTekst _btxt _2rdacontent |
||
| 337 |
_aBez urządzenia pośredniczącego _bn _2rdamedia |
||
| 338 |
_aWolumin _bnc _2rdacarrier |
||
| 380 | _aKsiążki | ||
| 380 | _aPublikacje naukowe | ||
| 388 | 1 | _a2001- | |
| 490 | 1 |
_aPublikacje Gdańskiego Oddziału IPN. Seria Gdańsk ; _vt. 77 |
|
| 504 | _aBibliografia na stronach 343-357. Indeks. | ||
| 610 | 2 | 7 |
_aMilicja Obywatelska (MO) _2DBN _940032 |
| 610 | 1 | 7 |
_aPolska. _bMilicja Obywatelska _y1945-1970. _2kaba _941007 |
| 648 | 7 |
_a1901-2000 _2DBN _934996 |
|
| 648 | 7 |
_a1945-1989 _2DBN _936043 |
|
| 650 | 7 |
_aBezpieczeństwo publiczne _2DBN _937507 |
|
| 650 | 7 |
_aPolicja _zPolska _zGdańsk _y1945-1970. _2kaba _941008 |
|
| 651 | 7 |
_aWojewództwo gdańskie (1945-1975) _2DBN _941009 |
|
| 655 | 7 |
_aMonografia _2DBN _935240 |
|
| 658 | _aBezpieczeństwo i wojskowość | ||
| 658 | _aHistoria | ||
| 710 | 2 |
_aInstytut Pamięci Narodowej - Komisja Ścigania Zbrodni przeciwko Narodowi Polskiemu. _bOddział (Gdańsk). _eInstytucja sprawcza _914049 |
|
| 710 | 2 |
_aInstytut Pamięci Narodowej - Komisja Ścigania Zbrodni przeciwko Narodowi Polskiemu. _eWydawca _4pbl _911792 |
|
| 830 | 0 |
_aPublikacje Gdańskiego Oddziału IPN _vt. 77 _914050 |
|
| 920 | _a978-83-8098-222-2 (oprawa twarda) : zł 40,00 | ||
| 942 |
_2ddc _cBK_NM |
||
| 999 |
_c27899 _d27899 |
||